Guess the Taylor Swift song (11) - Statistics

General Stats
  • This quiz has been taken 17 times
    6 since last reset
  • The average score is 282 of 315
Answer Stats
Answer % Correct
a
100%
Always
100%
and
100%
be
100%
but
100%
But
100%
by
100%
could
100%
do
100%
for
100%
free
100%
I
100%
I?
100%
if
100%
If
100%
I'm
100%
i'm
100%
in
100%
it
100%
it?
100%
it's
100%
just
100%
love
100%
m
100%
me
100%
my
100%
now
100%
Now
100%
or
100%
out
100%
over
100%
should
100%
was
100%
were
100%
what
100%
where
100%
who
100%
would
100%
wrong
100%
you
100%
You
100%
your
100%
You're
100%
all
80%
assume
80%
barbed
80%
battle
80%
begging
80%
Believe
80%
best
80%
blankets
80%
break
80%
breathing
80%
byline
80%
celebrated
80%
closed
80%
colors
80%
dagger
80%
don't
80%
door
80%
everything
80%
eyes
80%
fancy
80%
fine
80%
footnotes
80%
fun
80%
Gain
80%
gleam
80%
glisten
80%
good
80%
got
80%
greet
80%
head
80%
hearts
80%
hero's
80%
i've
80%
kid
80%
know
80%
Lay
80%
lay
80%
leave
80%
life
80%
like
80%
listen
80%
lose
80%
low
80%
made
80%
man
80%
much
80%
mural
80%
notice
80%
of
80%
older
80%
other
80%
plates
80%
polish
80%
portrait
80%
reading
80%
removed
80%
ruins?
80%
shit
80%
sit
80%
sky
80%
so
80%
somehow
80%
space
80%
story
80%
table
80%
take
80%
taking
80%
tell
80%
Tell
80%
temple
80%
that
80%
the
80%
then
80%
they
80%
this
80%
time
80%
tolerate
80%
too
80%
Took
80%
until
80%
up
80%
us
80%
use
80%
wait
80%
wake
80%
watch
80%
weight
80%
welcome
80%
wire?
80%
wiser
80%
with
80%
worlds
80%
building
60%
Drawing
60%
indiscretion's
60%
threw
60%
Where's
60%
while
60%
No matching quizzes found
Score Distribution
Percent of People with Each Score
Percentile by Number Answered
Your Score History
You have not taken this quiz since the last reset